000
00209 a2200097 4500
001
47127
100
_a
Barnham D
245
_a
One Man's Window
260
_a
London
_b
William Kimber
_c
090
_c
30185
_d
30185
942
_a
NUST-CAE
_c
M
_c
22431
999
_c
282200
_d
282200